Loading...
| Science - Other Science | 0 | 3 | 0 | 0 | 30 | 74 | 87.00 | 0 | 3 |
| Beliefs | 0 | 3 | 0 | 1 | 30 | 114 | 128.33 | 0 | 3 |
| History - American History | 0 | 2 | 1 | 0 | 15 | 85 | 93.50 | 1 | 2 |
| Philosophy | 0 | 2 | 1 | 1 | 15 | 95 | 111.00 | 1 | 2 |
| Social Science | 0 | 1 | 0 | 0 | 10 | 129 | 129.00 | 0 | 1 |
| Current Events | 0 | 1 | 0 | 1 | 10 | 120 | 120.00 | 0 | 1 |
| Fine Arts - Other Arts | 0 | 1 | 0 | 0 | 10 | 117 | 117.00 | 0 | 1 |
| History - Other History | 0 | 1 | 0 | 0 | 10 | 107 | 107.00 | 1 | 1 |
| Science - Physics | 1 | 0 | 1 | 0 | 10 | 70 | 70.00 | 0 | 1 |
| Geography | 0 | 0 | 1 | 0 | -5 | 0.00 | 0 | 0 | |
| Auditory Arts | 0 | 0 | 1 | 0 | -5 | 0.00 | 0 | 0 | |
| Literature - World Literature | 0 | 0 | 1 | 0 | -5 | 0.00 | 0 | 0 | |
| Science - Biology | 0 | 0 | 2 | 0 | -10 | 0.00 | 0 | 0 |